000 00650nam a2200229 i 4500
001 C2-0231877
003 PPAK
005 20180728085041.0
008 001207s1955 enka|||| ||||| | eng d
040 _aPPAK
_beng
_cPPAK
_erda
082 0 4 _a937
_223
090 0 0 _a937
_bWHE
_dKSI
100 1 _aWheeler, Mortimer, Sir,
_eauthor
245 1 0 _aRome beyond the imperial frontiers
264 1 _aMiddlesex :
_bPenguin Books ,
_c1955
300 _a224 pages :
_billustrations ;
_c19 cm
336 _2rdacontent
_atext
337 _2rdamedia
_aunmediated
338 _2rdacarrier
_avolume
650 1 0 _aRome - Description and travel
942 _ddc
_cB
999 _c151212
_d151212